| 000 | 00561nam a2200157 a 4500 | ||
|---|---|---|---|
| 008 | 120416s0000 ||||||||||||||||| || u | ||
| 020 | _a0435327437 | ||
| 050 | _aDT 8847 Ran | ||
| 100 | _aRanger, T. O | ||
| 245 | 1 | 0 | _aRevolt in Southern Rhodesia 1896-7 |
| 246 | _aa study in African resistance | ||
| 260 |
_aLondon _bHeinemann _c1967 |
||
| 300 | _axii, 403p. : ill. | ||
| 350 | _a0.00 | ||
| 995 |
_D0.00 _FCBU-MAIN LIBRARY (Kitwe) _H1 _I12.95 _M1 _UAVAILABLE _WSep 22, 2006 _ZMain Library Open Access Collection |
||
| 999 |
_c56520 _d56520 |
||